000 00215 a2200097 4500
001 10873
100 _aPear, T. H.
245 _aPersonality Appearance & Speach
260 _a
_bGeorge Allen
_c
090 _c8447
_d8447
942 _aNUST-CAE
_cM
_c35208
999 _c245946
_d245946